Apa yang anda perlu tahu tentang sistem perubatan moden

Bibliographic Details
Main Author: Ahmad Supian
Format: Book
Published: Selangor : Pustaka Gedung Ilmu , 1993
Subjects:

MARC

LEADER 00000cam a2200000 7i4500
001 0000004891
002 000005274
005 20000330.0
020 |a 9839809024 
090 0 0 |a 616.0252   |b AHM 
100 0 |a Ahmad Supian   |f Dr 
245 1 0 |a Apa yang anda perlu tahu tentang sistem perubatan moden   |c Dr.Ahmad Supian 
260 |a Selangor :   |b Pustaka Gedung Ilmu ,   |c 1993 
300 |a 144p. ;   |c 20cm. 
650 0 0 |a Emergency medicine 
650 0 0 |a Medicine, Popular 
650 0 0 |a Self-care, Health 
999 |a 034821   |b BUKU   |c PINJAMAN   |e PERPUSTAKAAN KOMUNITI PETALING JAYA 
999 |a 034822   |b BUKU   |c PINJAMAN   |e PERPUSTAKAAN KOMUNITI CAW KOTA DAMANSARA